Science Quiz

Random Science or Blitz Quiz

Vertebrate Classes Blitz Quiz Stats

 Plays Quiz Updated Sep 29, 2018

Score 0/5 Timer 00:15
4 Plays Today
% Correct
Mammals
92.5%
Birds
77.1%
Reptiles
75.3%
Fish
69.8%
Amphibians
65%

You're not logged in!

Compare scores with friends on all Sporcle quizzes.
OR
Log In

Sporcle TV

Today on Sporcle TV


Watch our educational content, quiz creation guides, and fun videos on Sporcle TV.

Show Comments

Extras

Top Quizzes Today


Score Distribution

Your Account Isn't Verified!

In order to create a playlist on Sporcle, you need to verify the email address you used during registration. Go to your Sporcle Settings to finish the process.

Report this User

Report this user for behavior that violates our Community Guidelines.

Details: